| 000 | 00739nam a2200217Ia 4500 | ||
|---|---|---|---|
| 003 | GCL | ||
| 008 | 140319s9999 xx 000 0 ara d | ||
| 040 |
_aGCL / _cGCL |
||
| 082 | 0 | 4 |
_a332.0415 _bك ت |
| 100 | 1 | _aكويل، برايان | |
| 245 | 1 | 0 |
_aالتحكم فى تدفق الاموال : _bCASH FLOW CONTROL / _cكويل، برايان |
| 260 |
_aالقاهرة : _bدار الفاروق للنشر والتوزيع ، _c2005 |
||
| 300 |
_a128 ص ؛ _c24 سم |
||
| 650 | 0 | 4 | _aالنقود |
| 650 | 0 | 4 | _aالاوراق المالية |
| 650 | 0 | 4 | _aالتمويل |
| 650 | 0 | 4 | _aالسيولة النقدية |
| 650 | 0 | 4 | _aالشركات - تنظيم و ادارة |
| 650 | 0 | 4 | _aالشركات - تمويل |
| 942 |
_2ddc _cBK |
||
| 999 |
_c8265 _d8265 |
||